[Event "AUTO-INT-3084"]
[Site "http://www.queenalice.com/game.php?id=1399012"]
[Date "2015.12.15"]
[Round "1"]
[White "tango2011"]
[Black "Bankai"]
[Result "0-1"]
[WhiteElo "1600"]
[BlackElo "1551"]

1. d4 d5 2. e3 Nc6 3. Nf3 Nf6 4. Bb5 Bd7 5. O-O a6 6. Bxc6 Bxc6 7. Ne5 Qd6 8. b3
O-O-O 9. Nxf7 Qe6 10. Nxh8 Qg8 11. Bd2 Qxh8 12. Bb4 h5 13. Nd2 g5 14. Nf3 g4 15.
Ne5 Be8 16. Qd3 h4 17. Qf5+ Bd7 18. Nxd7 Nxd7 19. Qe6 c6 20. Ba5 Re8 21. Qxg4
Bg7 22. Bc3 Rg8 23. Qe6 Kd8 24. Bb4 Bf6 25. Ba5+ Ke8 26. c4 Qg7 27. Qh3 Nf8 28.
Qc8+ Kf7 29. Qxb7 Qxg2# 0-1

[Event "AUTO-INT-3084"]
[Site "http://www.queenalice.com/game.php?id=1399013"]
[Date "2015.12.15"]
[Round "1"]
[White "Bankai"]
[Black "ibgnarly"]
[Result "0-1"]
[WhiteElo "1521"]
[BlackElo "1697"]

1. e4 e5 2. Nf3 Nc6 3. Bc4 Nf6 4. O-O Nxe4 5. Re1 d5 6. d3 Nxf2 7. Kxf2 dxc4 8.
Nxe5 Nxe5 9. Rxe5+ Be6 10. d4 Bd6 11. Re1 Qh4+ 12. Kf1 Bxh2 13. d5 O-O-O 14. Nc3
Qf6+ 15. Qf3 Bxd5 16. Bg5 Qxg5 17. Nxd5 Rxd5 18. Qxf7 Rf5+ 19. Qxf5+ Qxf5+ 20.
Ke2 Qe5+ 21. Kd1 Rd8+ 22. Kc1 Qxe1# 0-1

[Event "AUTO-INT-3084"]
[Site "http://www.queenalice.com/game.php?id=1399014"]
[Date "2015.12.15"]
[Round "1"]
[White "ibgnarly"]
[Black "Bankai"]
[Result "1-0"]
[WhiteElo "1772"]
[BlackElo "1507"]

1. e4 e5 2. f4 exf4 3. Nf3 Bc5 4. d4 Be7 5. Bxf4 c6 6. Nc3 Nf6 7. Bd3 O-O 8. e5
Nh5 9. Bc1 f6 10. Ng1 fxe5 11. Qxh5 exd4 12. Qxh7+ Kf7 13. Nce2 d5 14. Nxd4 Qe8
15. Bg6+ Kf6 16. Bxe8 Rxe8 17. Nge2 Kf7 18. O-O+ Bf6 19. Bg5 Nd7 20. Rxf6+ Nxf6
21. Rf1 Kf8 22. Bxf6 Kf7 23. Qxg7# 1-0

[Event "Challenge"]
[Site "http://www.queenalice.com/game.php?id=1400071"]
[Date "2015.12.23"]
[Round "-"]
[White "Bankai"]
[Black "fenomeno"]
[Result "0-1"]
[WhiteElo "1640"]
[BlackElo "1669"]

1. e4 e5 2. Nf3 Nc6 3. Bc4 Nf6 4. Nc3 Be7 5. O-O O-O 6. d4 Nxd4 7. Nxd4 exd4 8.
Qxd4 d6 9. Bf4 c5 10. Qd2 a6 11. a4 b6 12. Rfe1 a5 13. Re3 Bb7 14. Rae1 Qd7 15.
e5 Ng4 16. Rg3 Bh4 17. Rh3 Bxf2+ 18. Kh1 Bxe1 19. Qxe1 Rae8 20. Qh4 Qf5 21. Bd3
Nf2+ 22. Qxf2 Qxh3 23. Ne4 Qh5 24. Be2 Qg6 25. Ng3 dxe5 26. Bh5 Qd6 27. Nf5 Qe6
28. Bg5 f6 29. Bh4 Qd5 30. Qg3 Qd7 31. Bg4 Qd2 32. Bh3 Qc1+ 33. Qe1 Qxe1+ 34.
Bxe1 e4 35. Ne3 Bc6 36. b3 b5 37. axb5 Bxb5 38. Bxa5 Ra8 39. Nc4 Bxc4 40. Be1
Ra1 41. g3 Rxe1+ 42. Kg2 Bd5 43. Kf2 Rc1 44. c4 Rc2+ 45. Ke3 Bc6 46. Be6+ Kh8
47. Kf4 Rxh2 48. g4 g5+ 49. Ke3 h5 50. Bf7 Rxf7 51. b4 cxb4 52. gxh5 Rd7 53. c5
Rd3# 0-1

[Event "AUTO-OPEN-3588"]
[Site "http://www.queenalice.com/game.php?id=1400749"]
[Date "2015.12.27"]
[Round "1"]
[White "Bankai"]
[Black "RValerio"]
[Result "1-0"]
[WhiteElo "1563"]
[BlackElo "1814"]

1. Nf3 g6 2. d4 Bg7 3. e3 c5 4. c3 cxd4 5. cxd4 Nf6 6. Bc4 d5 7. Bb3 O-O 8. O-O
a6 9. Nc3 h6 10. a3 e6 11. Re1 Bd7 12. Bd2 Nc6 13. Bc2 Qc7 14. e4 e5 15. Be3
dxe4 16. Nxe4 Nxe4 17. Bxe4 Rad8 18. d5 Ne7 19. Qb3 Kh8 20. Bb6 Qb8 21. Bxd8
Rxd8 22. Rac1 b5 23. Kh1 f5 24. Bb1 Qb7 25. Rcd1 Be8 26. Ba2 e4 27. d6 exf3 28.
dxe7 fxg2+ 29. Kg1 Rxd1 30. Qg8# 1-0

[Event "AUTO-OPEN-3588"]
[Site "http://www.queenalice.com/game.php?id=1400750"]
[Date "2015.12.27"]
[Round "1"]
[White "RValerio"]
[Black "Bankai"]
[Result "1-0"]
[WhiteElo "1733"]
[BlackElo "1574"]

1. e4 e5 2. d4 exd4 3. c3 dxc3 4. Bc4 cxb2 5. Bxb2 Nc6 6. Nc3 Nf6 7. Nge2 Bc5 8.
O-O O-O 9. Bb3 Qe7 10. Re1 Nxe4 11. Nxe4 Qxe4 12. Ng3 Qg6 13. Bc2 Qg5 14. Nf5 g6
15. Ne3 d6 16. Nd5 Bh3 17. Nf6+ Kh8 18. Ne4+ Kg8 19. Nxg5 Bd7 20. Nxf7 Kxf7 21.
Qf3+ Bf5 22. Bxf5 Ne7 23. Bxg6+ Kxg6 24. Qg4+ Kf7 25. Qe6+ Ke8 26. Qxe7# 1-0

[Event "AUTO-OPEN-3588"]
[Site "http://www.queenalice.com/game.php?id=1400753"]
[Date "2015.12.27"]
[Round "1"]
[White "Bankai"]
[Black "Magogue"]
[Result "1-0"]
[WhiteElo "1590"]
[BlackElo "1669"]

1. e4 e5 2. Nf3 Nc6 3. Bc4 Be7 4. O-O Nf6 5. Nc3 Bb4 6. Nd5 O-O 7. a3 Bd6 8. c3
Na5 9. Nxf6+ Qxf6 10. Ba2 b6 11. b4 Nb7 12. Re1 a5 13. Rb1 axb4 14. cxb4 Bxb4
15. axb4 Rxa2 16. Bb2 d6 17. d4 exd4 18. Bxd4 Qd8 19. Qb3 Be6 20. Qc3 f6 21. Nh4
Ra8 22. Re3 Qd7 23. Rg3 Kf7 24. Re1 c5 25. bxc5 dxc5 26. Be3 Rg8 27. Nf5 Bxf5
28. exf5 Qxf5 29. Qc4+ Kf8 30. Rf3 Qd7 31. Bf4 Ra4 32. Rd3 Rxc4 33. Rxd7 Na5 34.
Bd6# 1-0

[Event "AUTO-OPEN-3588"]
[Site "http://www.queenalice.com/game.php?id=1400754"]
[Date "2015.12.27"]
[Round "1"]
[White "Magogue"]
[Black "Bankai"]
[Result "0-1"]
[WhiteElo "1756"]
[BlackElo "1618"]

1. e4 e5 2. Nf3 Nc6 3. d4 exd4 4. Nxd4 Qf6 5. Be3 Bc5 6. c3 d6 7. Bb5 Bd7 8. Qd2
Bxd4 9. cxd4 Nge7 10. Nc3 O-O-O 11. Bxc6 Bxc6 12. Bg5 Qe6 13. Bxe7 Qxe7 14. d5
Bd7 15. O-O h5 16. f4 Rdg8 17. Rf3 Bg4 18. Rf2 g5 19. fxg5 Rxg5 20. Raf1 Rf8 21.
Rxf7 Rxf7 22. Rxf7 Qxf7 23. Qxg5 c6 24. h3 Bd7 25. dxc6 Bxc6 26. Qf5+ Qe6 27.
Kf2 Qd7 28. Kg3 Qxf5 29. exf5 Kd7 30. Kf4 Bxg2 31. h4 Bh3 32. f6 Ke6 33. Kg5 Kf7
34. Nb5 Be6 35. Nxd6+ Kf8 36. a3 b6 37. Kxh5 Bg8 38. Kg6 Be6 39. h5 Bg8 40. h6
a5 41. h7 Bxh7+ 42. Kxh7 b5 43. Nxb5 Kf7 44. Nd6+ Kxf6 45. Nb7 a4 46. Nc5 Ke7
47. Nxa4 Kd6 48. Kg6 Kc6 49. Kf5 Kb5 50. Nc3+ Kc4 51. Ke4 Kb3 52. Nd1 Ka4 53.
Kd4 Kb3 54. Kd3 Ka4 55. Kc4 Ka5 56. b3 Kb6 57. b4 Ka6 58. Kc5 Ka7 59. b5 Kb7 60.
a4 Kc7 61. a5 Kb7 62. Kd6 Ka7 63. Kc6 Kb8 64. Kb6 Ka8 65. Ka6 Kb8 66. b6 Ka8 67.
b7+ Kb8 68. Nc3 Kc7 69. Ka7 Kc6 70. b8=B Kc5 71. Nd5 Kb5 72. a6 Kc6 73. Bh2 Kd7
74. Kb7 Kd8 75. a7 Kd7 76. a8=B Ke6 77. Kb6 Kf5 78. Nc3 Kg4 79. Bd5 Kh3 80. Bc7
Kg4 81. Kc5 Kf5 82. Kd4 Kf6 83. Ke4 Ke7 84. Bc6 Ke6 85. Bb5 Kf6 86. Bd7 Ke7 87.
Bg4 Kf6 88. Bd8+ Kf7 89. Bd7 Kg6 90. Be8+ Kg7 91. Be7 Kh6 92. Kf5 Kh7 93. Kg5
Kg7 94. Kf5 Kh6 95. Kf6 Kh7 96. Kf7 Kh6 97. Kf8 Kh7 98. Bg5 Kh8 99. Bd7 Kh7 100.
Bf5+ Kh8 101. Be6 Kh7 0-1

[Event "AUTO-INT-3091"]
[Site "http://www.queenalice.com/game.php?id=1402238"]
[Date "2016.1.4"]
[Round "1"]
[White "GastonLagaffe"]
[Black "Bankai"]
[Result "1-0"]
[WhiteElo "1557"]
[BlackElo "1645"]

1. g4 e5 2. d4 exd4 3. Qxd4 Nc6 4. Qe3+ Qe7 5. f4 d6 6. Qxe7+ Bxe7 7. g5 Bf5 8.
c3 O-O-O 9. Bh3 Bxh3 10. Nxh3 f6 11. f5 fxg5 12. Bxg5 Nf6 13. Rg1 h6 14. Bxf6
Bxf6 15. Nf4 Rhe8 16. Nd2 d5 17. O-O-O d4 18. c4 Bg5 19. Ne6 Rd6 20. Nxg7 Rxe2
21. c5 Rd7 22. Ne6 Be3 23. f6 Bg5 24. Rgf1 Rf7 25. Nxg5 hxg5 26. Nb3 Re6 27. Rg1
Rexf6 28. Rxg5 Rh7 29. Rg8+ Kd7 30. Nxd4 Nxd4 31. Rxd4+ Kc6 32. b4 Rxh2 33. Rg1
b6 34. cxb6 cxb6 35. a4 Kb7 36. b5 Rf8 37. Rg7+ Kb8 38. Rdd7 Rc8+ 39. Kd1 Rcc2
40. Rb7+ Kc8 41. Rxa7 Ra2 42. Ra8# 1-0

[Event "AUTO-INT-3091"]
[Site "http://www.queenalice.com/game.php?id=1402239"]
[Date "2016.1.4"]
[Round "1"]
[White "Bankai"]
[Black "GastonLagaffe"]
[Result "1-0"]
[WhiteElo "1609"]
[BlackElo "1583"]

1. e4 e5 2. Nf3 Nc6 3. Bc4 Nf6 4. Nc3 Bb4 5. Nd5 d6 6. O-O Nxe4 7. d3 Nc5 8. c3
b5 9. Bxb5 Bb7 10. cxb4 Na6 11. Qc2 Nxb4 12. Nxb4 O-O 13. Nxc6 Bxc6 14. Bxc6 Rb8
15. Be4 g6 16. Bh6 Re8 17. Rad1 d5 18. Bxg6 hxg6 19. Qd2 d4 20. Rfe1 f6 21. Nh4
Kh7 22. f4 Kxh6 23. fxe5+ Kh5 24. g4+ Kxh4 25. Qh6+ Kxg4 26. Re4+ Kf5 27. Qh3+
Kg5 28. Qg4+ Kh6 29. Qh4+ Kg7 30. exf6+ Kf7 31. Qh7+ Kf8 32. Qg7# 1-0

[Event "AUTO-INT-3091"]
[Site "http://www.queenalice.com/game.php?id=1402252"]
[Date "2016.1.4"]
[Round "1"]
[White "Alcar"]
[Black "Bankai"]
[Result "0-1"]
[WhiteElo "1618"]
[BlackElo "1649"]

1. d4 d5 2. c4 c6 3. Nc3 Nf6 4. Nf3 Bg4 5. e3 e6 6. h3 Bxf3 7. Qxf3 Be7 8. cxd5
cxd5 9. Bb5+ Nc6 10. O-O O-O 11. Bxc6 bxc6 12. a4 Bd6 13. b3 Qc7 14. e4 dxe4 15.
Qe2 Nd5 16. Nxe4 Bh2+ 17. Kh1 Bf4 18. Bxf4 Nxf4 19. Qc2 e5 20. Ng5 Ng6 21. Rad1
Rac8 22. Qf5 f6 23. Ne6 Ne7 24. Nxc7 Nxf5 25. dxe5 Rxc7 26. g4 Nh4 27. f4 fxe5
28. fxe5 Rb7 29. Rxf8+ Kxf8 30. Kh2 Rxb3 31. Rd7 Nf3+ 32. Kg2 Nxe5 33. Rxa7 c5
34. a5 c4 35. a6 c3 36. Rc7 Rb2+ 37. Kf1 c2 38. Ke1 Nd3+ 39. Kf1 c1=Q+ 40. Rxc1
Nxc1 0-1

[Event "AUTO-INT-3091"]
[Site "http://www.queenalice.com/game.php?id=1402253"]
[Date "2016.1.4"]
[Round "1"]
[White "Bankai"]
[Black "Alcar"]
[Result "0-1"]
[WhiteElo "1631"]
[BlackElo "1631"]

1. e4 e6 2. Nf3 Nc6 3. d4 d5 4. Nc3 dxe4 5. Nxe4 Nf6 6. Bd3 Be7 7. c3 O-O 8. Qc2
h6 9. Bf4 Nd5 10. Qd2 Nxf4 11. Qxf4 f5 12. Ng3 Bd6 13. Qe3 f4 14. Qe4 Qf6 15.
Qh7+ Kf7 16. Nh5 Bd7 17. Nxf6 Kxf6 18. Ne5 Bxe5 19. Qg6+ Ke7 20. dxe5 Nxe5 21.
Qxg7+ Nf7 22. O-O-O Rg8 23. Qh7 Rh8 24. Qe4 Bc6 25. Qb4+ Kd7 26. Bf5+ Nd6 27.
Bxe6+ Kxe6 28. Rhe1+ Kd7 29. Qxf4 Raf8 30. Qg4+ Kd8 31. c4 Bd7 32. Qh4+ Kc8 33.
c5 Nf5 34. Qh3 Bc6 35. g4 Ng7 36. g5+ Kb8 37. gxh6 Nf5 38. Re5 Nxh6 39. Rh5 Bf3
40. Rd7 Bxh5 41. Qg3 Rc8 42. Qb3 Nf5 43. c6 b6 44. Qa4 a5 45. Qb5 Nd6 46. Qa6
Bf3 47. Rxd6 Bxc6 48. Rxc6 Rxh2 49. f4 Re8 50. Qf1 Ree2 51. Rg6 Rc2+ 52. Kd1
Rxb2 0-1

[Event "AUTO-INT-3091"]
[Site "http://www.queenalice.com/game.php?id=1402260"]
[Date "2016.1.4"]
[Round "1"]
[White "MarceloLopes"]
[Black "Bankai"]
[Result "0-1"]
[WhiteElo "1634"]
[BlackElo "1613"]

1. e4 e5 2. Nf3 Nc6 3. Bc4 Nf6 4. d3 Bc5 5. h3 O-O 6. Nc3 d6 7. Ng5 h6 8. Nf3 a6
9. g4 b5 10. Bd5 Bb7 11. g5 Nxd5 12. Nxd5 h5 13. c3 Ne7 14. Nxe7+ Qxe7 15. Nh4
f6 16. Ng6 Qf7 17. Nxf8 fxg5 18. Bxg5 Qxf2# 0-1

[Event "AUTO-INT-3091"]
[Site "http://www.queenalice.com/game.php?id=1402261"]
[Date "2016.1.4"]
[Round "1"]
[White "Bankai"]
[Black "MarceloLopes"]
[Result "0-1"]
[WhiteElo "1664"]
[BlackElo "1668"]

1. e4 e5 2. Nf3 Nc6 3. Nc3 Nf6 4. Bc4 d6 5. O-O Bg4 6. h3 Bxf3 7. Qxf3 Nd4 8.
Qd1 c6 9. d3 d5 10. Bb3 Bb4 11. Bd2 Nxb3 12. axb3 dxe4 13. dxe4 O-O 14. Re1 Bxc3
15. bxc3 Qe7 16. f4 Rfd8 17. fxe5 Qxe5 18. Qe2 Qxe4 19. Qxe4 Nxe4 20. Rad1 Nxd2
21. Re2 Nf3+ 22. Kf2 Rxd1 23. Kxf3 Rdd8 24. Kg3 Re8 25. Rd2 Rad8 26. Rf2 Re3+
27. Kh2 Rxc3 28. Re2 g6 29. Rf2 Rd4 30. Kh1 a5 31. Rf1 Rxc2 32. Ra1 b6 33. g4 b5
34. Rg1 Rd3 35. Re1 a4 36. bxa4 bxa4 37. Re8+ Kg7 38. Re1 a3 39. Rg1 Rxh3# 0-1

[Event "OS INCLIVES"]
[Site "http://www.queenalice.com/game.php?id=1402798"]
[Date "2016.1.6"]
[Round "-"]
[White "adelio"]
[Black "Bankai"]
[Result "0-1"]
[WhiteElo "1750"]
[BlackElo "1624"]

1. d4 d5 2. e4 dxe4 3. Nc3 Nf6 4. f3 exf3 5. Nxf3 Bg4 6. h3 Bh5 7. g4 Bg6 8. Ne5
e6 9. a3 Bd6 10. Bf4 Bxe5 11. Bxe5 Nc6 12. Bxf6 Qxf6 13. Nb5 O-O-O 14. c3 Rhe8
15. Bg2 e5 16. d5 e4 17. Qb3 Qh4+ 18. Kf1 e3 19. dxc6 Qf2# 0-1

[Event "OS INCLIVEIS"]
[Site "http://www.queenalice.com/game.php?id=1402799"]
[Date "2016.1.6"]
[Round "-"]
[White "Bankai"]
[Black "adelio"]
[Result "0-1"]
[WhiteElo "1638"]
[BlackElo "1706"]

1. e4 a6 2. Nf3 c5 3. d4 e6 4. c3 Be7 5. Bd3 Nc6 6. O-O d6 7. dxc5 dxc5 8. Bf4
g5 9. Bg3 h5 10. h3 g4 11. Ne5 Nxe5 12. Bxe5 f6 13. Bh2 gxh3 14. g3 b5 15. Nd2
Bd6 16. f4 c4 17. Be2 Bb7 18. Bxh5+ Kf8 19. e5 Qb6+ 20. Rf2 Bc5 21. Qe2 Bg2 22.
exf6 Nxf6 23. Bf3 Ra7 24. Bxg2 Bxf2+ 25. Qxf2 Qxf2+ 26. Kxf2 Ng4+ 27. Kf3 Nxh2+
28. Kf2 hxg2 29. Kxg2 Rd7 30. Re1 Rxd2+ 31. Kg1 Nf3+ 32. Kf1 Rh1# 0-1

[Event "OS INCLIVEIS"]
[Site "http://www.queenalice.com/game.php?id=1402800"]
[Date "2016.1.6"]
[Round "-"]
[White "Bankai"]
[Black "adelio"]
[Result "0-1"]
[WhiteElo "1625"]
[BlackElo "1720"]

1. e4 a6 2. Nf3 c5 3. Nc3 e6 4. Be2 Nc6 5. O-O Be7 6. d4 d6 7. dxc5 dxc5 8. Bd2
e5 9. a3 Be6 10. Rb1 h5 11. Qc1 h4 12. h3 Nd4 13. Kh1 b5 14. Bg5 Nxf3 15. Bxe7
Qxe7 16. Bxf3 Nh6 17. Qe3 f5 18. Rbd1 f4 19. Qe1 Ra7 20. Rd2 g5 21. Qd1 g4 22.
Nd5 Bxd5 23. Rxd5 gxf3 24. Qxf3 Nf7 25. Qg4 Rd7 26. Rfd1 Rc7 27. Qf5 Rh6 28. b3
Nd6 29. Qg4 Qf8 30. Rxe5+ Re7 31. Rxc5 Rxe4 32. Rc7 Ree6 33. Qf3 Qf6 34. Qc6+
Kf8 35. c4 bxc4 36. bxc4 Qc3 37. Rxd6 Re1+ 38. Kh2 Qg3+ 0-1

[Event "Challenge"]
[Site "http://www.queenalice.com/game.php?id=1403673"]
[Date "2016.1.11"]
[Round "-"]
[White "Bankai"]
[Black "Erlofabr"]
[Result "0-1"]
[WhiteElo "1630"]
[BlackElo "1722"]

1. e4 Nc6 2. d4 e5 3. Nf3 d6 4. c3 Bg4 5. Be2 Nf6 6. Bg5 Be7 7. h3 Bh5 8. O-O
Nxe4 9. Bxe7 Qxe7 10. Qd3 Bg6 11. dxe5 Rd8 12. exd6 Rxd6 13. Qe3 O-O 14. Nbd2
Rfd8 15. Nxe4 Bxe4 16. Nd4 Rg6 17. Bf3 Nxd4 18. cxd4 Re8 19. Rfe1 Bxf3 20. Qxf3
Qd7 21. Qxb7 h5 22. Qxa7 Rd8 23. Rad1 Qxh3 24. Qb7 c6 25. Kf1 Qxg2+ 26. Ke2 Re6+
27. Kd3 Qf3+ 28. Kc4 Qd5+ 29. Kc3 Qa5+ 30. Kc2 Rxe1 31. Rd3 Re2+ 32. Kb3 c5 33.
Rf3 c4+ 34. Kxc4 Qa4+ 35. b4 Qxa2+ 36. Kb5 f6 37. Rg3 g5 38. f4 h4 39. Rg1 Rc2
40. fxg5 Qc4+ 41. Kb6 Qxb4+ 42. Ka6 Ra2# 0-1

[Event "Challenge"]
[Site "http://www.queenalice.com/game.php?id=1403682"]
[Date "2016.1.11"]
[Round "-"]
[White "Bankai"]
[Black "modesto54"]
[Result "0-1"]
[WhiteElo "1634"]
[BlackElo "1664"]

1. e4 c5 2. Nf3 d6 3. c3 Nf6 4. Qc2 Nc6 5. d4 cxd4 6. cxd4 d5 7. Nc3 dxe4 8.
Nxe4 Bf5 9. Nxf6+ exf6 10. Qxf5 g6 11. Qd3 Bb4+ 12. Bd2 O-O 13. Bxb4 Re8+ 14.
Be2 Nxb4 15. Qb3 a5 16. O-O Rxe2 17. Rac1 Qd5 18. Rc4 Rxb2 19. Qxb2 Qxc4 20. Rc1
Qd5 21. Rc5 Qxa2 22. Qc1 Kg7 23. d5 Nd3 24. Rc2 Nxc1 25. Rxa2 Nxa2 26. d6 Rd8
27. h3 Rxd6 28. Kh2 b5 29. Ne1 Nb4 30. Kg3 a4 31. Kh2 a3 0-1

[Event "Challenge"]
[Site "http://www.queenalice.com/game.php?id=1405381"]
[Date "2016.1.21"]
[Round "-"]
[White "Scooby_99"]
[Black "Bankai"]
[Result "1-0"]
[WhiteElo "1845"]
[BlackElo "1639"]

1. d4 d5 2. Nf3 Nc6 3. e3 Nf6 4. Bb5 Bd7 5. O-O a6 6. Bd3 e6 7. Nc3 Bb4 8. Bd2
O-O 9. a3 Bxc3 10. Bxc3 Qe7 11. Re1 Rfe8 12. e4 dxe4 13. Bxe4 Rad8 14. Bd3 h6
15. Qe2 Kh8 16. Ne5 Bc8 17. Nxc6 bxc6 18. Bxa6 Qd6 19. Bb4 Qd7 20. Bxc8 Rxc8 21.
Rad1 Nd5 22. Bc5 Qd8 23. Qf3 f5 24. c4 Nf6 25. Qxc6 Nd7 26. Rxe6 Nxc5 27. Rxe8+
Qxe8 28. Qxc5 Qe2 29. Rf1 Qxb2 30. Qxf5 Rd8 31. d5 Qxa3 32. h3 Qc5 33. Qf4 Kg8
34. Rb1 Rf8 35. Qg3 Qxc4 36. Qb3 Qe2 37. d6+ Kh8 38. dxc7 Qxf2+ 39. Kh1 Qa7 40.
Qb8 Qf2 41. Qxf8+ Qxf8 42. Rb8 Qxb8 43. cxb8=Q+ Kh7 44. g3 Kg6 45. Kg2 Kh5 46.
Kf3 Kg6 47. Qb1+ Kf7 48. Qh7 Kf8 49. Kf4 Kf7 50. h4 Kf6 51. h5 Kf7 52. Kf5 Ke7
53. Qxg7+ Kd6 54. Qxh6+ Kd5 55. g4 Kc5 56. Qe6 Kd4 57. g5 Kc3 58. g6 Kb4 59. g7
Kc3 60. h6 Kd3 61. g8=Q Kd4 62. Qd8+ Kc5 63. Qed6+ 1-0

[Event "Challenge"]
[Site "http://www.queenalice.com/game.php?id=1405387"]
[Date "2016.1.21"]
[Round "-"]
[White "Bankai"]
[Black "kilmison"]
[Result "1-0"]
[WhiteElo "1619"]
[BlackElo "2106"]

1. e4 e5 2. Nf3 Nc6 3. Nc3 Nf6 4. Bc4 Bc5 5. O-O d6 6. a3 O-O 7. b4 Bb6 8. a4
Nxb4 9. Rb1 Nc6 10. Bb5 Bd7 11. d3 a6 12. Bc4 h6 13. Qe1 Ba5 14. Bd2 Nd4 15.
Nxd4 exd4 16. Ne2 Bb6 17. a5 Bc5 18. c3 dxc3 19. Bxc3 c6 20. Rxb7 Be6 21. Bxe6
fxe6 22. Ng3 Ra7 23. Rxa7 Bxa7 24. Qe2 Qe7 25. d4 Qb7 26. Qc2 Qb5 27. Rb1 Qc4
28. Rb4 1-0